[Event "GER-ch Net blitz qual3"]
[Site "Playchess.com INT"]
[Date "2020.03.21"]
[Round "2"]
[White "Janhoff, Axel"]
[Black "Woerlen, Simon"]
[Result "1-0"]
[WhiteElo "2014"]
[BlackElo "1555"]
[PlyCount "37"]
[EventDate "2020.03.21"]
[EventType "swiss (blitz)"]
[EventRounds "9"]
[EventCountry "GER"]
[SourceTitle "CBM 195 Extra"]
[Source "ChessBase"]
[SourceDate "2020.05.31"]
[SourceVersion "1"]
[SourceVersionDate "2020.05.31"]
[SourceQuality "1"]

1. Nf3 Nf6 2. g3 e6 3. Bg2 Be7 4. 0-0 0-0 5. d3 d5 6. Nbd2 b6 7. Re1 Bb7 8. e4 dxe4 9. Ng5 exd3 10. Bxb7 Nbd7 11. Bxa8 Qxa8 12. cxd3 Qd5 13. Nde4 Nc5 14. Nxf6+ Bxf6 15. Ne4 Nxd3 16. Nxf6+ gxf6 17. Bh6 Nxe1 18. Qg4+ Kh8 19. Qg7# 1-0